00772 a2200217 4500999001900000005001700019010001500036020003100051035001400082037001300096082001100109100001800120245006800138260006400206270007700270300002200347700001800369700001800387942003000405952011900435 c183397d18339720211224110500.0 aENG-130587 a978-934-5460-107-1c806.00 aEN-114119 bDBAD/PUB a658.87 aLevy, Michael aRetailing Management:cMichael Levy, Barton Weitz, Dhruv Grewal aChennaibMcGraw Hill Education(india) Private Limitedc2022 aAnjana Complex No.5 /90 A, Butt Road, St. Thomas Mount bChennaie600016 a670p.c28cm (pbk) aWeitz, Barton aGrewal, Dhruv adplcEN2ddch658.87mLEV 001040708NFICaMbMd2021-12-24eDBAD/PUBg806.00l0o658.87 LEVpEN-114119r2021-12-24 00:00:00t1v806.00yEN